Semiconductor Physics and Devices (Record no. 60977)
[ view plain ]
| 000 -LEADER | |
|---|---|
| fixed length control field | 00535nam a22002057a 4500 |
| 005 - DATE & TIME | |
| control field | 20260603130933.0 |
| 008 - FIXED-LENGTH DATA ELEMENTS--GENERAL INFORMATION | |
| fixed length control field | 260603b |||||||| |||| 00| 0 eng d |
| 020 ## - ISBN | |
| International Standard Book Number | 9789354243226 |
| Price | 969.00 |
| 040 ## - CATALOGING SOURCE | |
| Original cataloging agency | Doon University |
| 041 ## - Language | |
| Language | English |
| 082 ## - DDC NUMBER | |
| Classification number | 621.38152 |
| Book Number | SZE |
| 100 ## - MAIN ENTRY--PERSONAL NAME | |
| Personal name | Sze, Simon |
| 245 ## - TITLE STATEMENT | |
| Title | Semiconductor Physics and Devices |
| Sub Title | : An Indian Adaptation |
| 250 ## - EDITION STATEMENT | |
| Edition statement | 3rd |
| 260 ## - PUBLICATION, DISTRIBUTION, ETC. (IMPRINT) | |
| Place of publication, distribution, etc | New Delhi |
| Name of publisher, distributor, etc | Wiley |
| Date of publication, distribution, etc | 2021 |
| 300 ## - PHYSICAL DESCRIPTION | |
| Pages | 581 |
| 650 ## - Subject | |
| Subject | Physics (PM USHA |
| 700 ## - Added Entry Personal Name | |
| Added Entry Personal Name | Lee, Ming Kwei |
| 942 ## - ADDED ENTRY ELEMENTS (KOHA) | |
| Koha item type | Books |
| 100 ## - MAIN ENTRY--PERSONAL NAME | |
| -- | 26999 |
| 650 ## - Subject | |
| -- | 26699 |
| 700 ## - Added Entry Personal Name | |
| -- | 27000 |
| 952 ## - LOCATION AND ITEM INFORMATION (KOHA) | |
| -- | 2026-06-03 |
| 952 ## - LOCATION AND ITEM INFORMATION (KOHA) | |
| -- | 2026-06-03 |
| 952 ## - LOCATION AND ITEM INFORMATION (KOHA) | |
| -- | 2026-06-03 |
| Withdrawn status | Lost status | Source of classification or shelving scheme | Damaged status | Not for loan | Location (home branch) | Sublocation or collection (holding branch) | Date acquired | Koha issues (times borrowed) | Koha full call number | Accession No. | Koha date last seen | Koha item type |
|---|---|---|---|---|---|---|---|---|---|---|---|---|
| Doon University | Doon University | 03.06.2026 | 621.38152 SZE | 33283 | 03.06.2026 | Books | ||||||
| Doon University | Doon University | 03.06.2026 | 621.38152 SZE | 33284 | 03.06.2026 | Books | ||||||
| Doon University | Doon University | 03.06.2026 | 621.38152 SZE | 33285 | 03.06.2026 | Books |